Top 75 Hardest Geometry Dash Levels - Statistics

General Stats
  • This quiz has been taken 47 times
    19 since last reset
  • The average score is 19 of 75
Answer Stats
List Placement Level % Correct
1 Tidal Wave by OniLink
100%
9 Silent clubstep by TheRealSailent
93%
15 Slaughterhouse by icedcave
93%
8 Acheron by ryamu
79%
2 Nullscapes by Kiba
79%
6 Anathema by nikroplays
64%
5 andromeda by Insxne97
64%
3 BOOBAWAMBA by Akunakunn
64%
4 Every End by MindCap
64%
7 Avernus by PockeWindfish
57%
17 Sakupen Circles by Diamond
50%
54 Tartarus by Dolphy
50%
20 Firework by Trick
43%
18 KOCMOC by cherryteam
43%
31 LIMBO by MindCap
43%
12 Abyss of Darkness by Exen
36%
19 Deimos by ItsHybrid
36%
13 Kyouki by{出見塩}
36%
35 Mayhem by LordVadercraft
36%
10 Spectre by xander
36%
34 Codependence by TCTeam
29%
16 Menace by MannyHeffley
29%
49 Sonic Wave Infinity by APTeamOfficial
29%
61 The Golden by BoBoBoBoBoBoBo
29%
36 walter white by Renn241
29%
50 Damascus by Dzeser
21%
65 Delta by Drakosa
21%
22 poocubed by Liisp
21%
33 Edge of Destiny by CDMusic
21%
43 ORDINARY by vit12
21%
24 Saul Goodman by Renn241
21%
14 Subterminal Point by SyQual
21%
21 The Lightning Rod by Lavatrex
21%
71 Aerial Gleam by Endlevel
14%
47 arcturus by Maxfs
14%
69 Checked Steam by gruzy
14%
41 Collapse by Nexel
14%
70 Critical Heat by Zeniux
14%
25 Eyes in the Water by hawkyre
14%
56 Jigsaw by NekonGames
14%
23 KOSETSU by fwe
14%
26 MINUSdry by CDMusic
14%
62 Natural Disaster by iIiLaSeRiIi
14%
66 NETWORK by Agat3
14%
58 Oblivion by dice88
14%
46 Sinister Silence by Wahffle
14%
30 Solar Flare by Linear
14%
74 The Paroxysm of Rage by Zacanaii
14%
44 The Plunge by Dolabill
14%
72 Trueffet by SyQual
14%
51 Waterfall by cherryteam
14%
42 Apocalyptic Trilogy by APTeamOfficial
7%
48 BEELINE by Galaxxyss
7%
27 Belladonna by cherryteam
7%
52 BPATA MPAKA by Inex
7%
55 Climax by HushLC
7%
60 Coalescence by Amplitron
7%
29 COMBUSTION by Cersia
7%
37 Deadlier Clubstep by HeroZombie80
7%
73 Destruction 19 by bosjoker
7%
32 Gaggatronda by MoistyJc
7%
45 Midnight by Yuko
7%
38 PSYCHOPATH by DeniPol
7%
67 Shukketsu by Yuko
7%
28 The Hallucination by SyQual
7%
39 The Yangire by Dorami
7%
11 Tunnel of Despair by Exen
7%
57 UNKNOWN by NineDice
7%
59 Viprin UFO by hawkyre
7%
64 ATOMIC CANNON Mk III by Lieb
0%
53 Crystal Crusher by Zeniux
0%
75 Judgement Knights by HangerLord
0%
40 SARYYX NEVER CLEAR by artos
0%
68 Terminal Rampancy by Xyriak
0%
63 Verdant Landscape by Nisha
0%
No matching quizzes found
Score Distribution
Percent of People with Each Score
Percentile by Number Answered
Your Score History
You have not taken this quiz since the last reset